| 000 | 00703nam a22001937a 4500 | ||
|---|---|---|---|
| 999 |
_c165792 _d165792 |
||
| 005 | 20190708171359.0 | ||
| 010 | _aB-728400 | ||
| 020 |
_a9789387578678 _c350.00 |
||
| 035 | _aB-728400 | ||
| 037 | _bRK Books | ||
| 082 | _aN | ||
| 100 | _aShenoy,Preeti | ||
| 245 |
_aThe rule breakers / _cby Preeti Shenoy |
||
| 260 |
_aChennai _bWestland Publications Pvt. Ltd. _c2018 |
||
| 270 |
_a61, 2nd floor, Siverline Building, Alpakkam Main Road Maduravoyal _bChennai _e600095 |
||
| 300 | v |
_a321p. _c20cm(pbk) |
|
| 942 |
_2ddc _cEN _mSHE _hN |
||